Verseny és szabályozás 2012

Guardado en:
Detalles Bibliográficos
Otros Autores: Valentiny, Pál, Kiss, Ferenc László, Nagy, Csongor István
Formato: Libro
Lenguaje:húngaro
Publicado: Budapest MTA KRTK Közgazdaság-tudományi Intézet 2013
Materias:
Etiquetas: Agregar Etiqueta
Sin Etiquetas, Sea el primero en etiquetar este registro!

MARC

LEADER 00000nam$a2200000$$$4500
001 0175631
005 20240109074715.4
022 |a 1789-9702 
041 0 |a hun 
044 |a HU 
245 1 0 |a Verseny és szabályozás 2012  |c szerkesztette Valentiny Pál, Kiss Ferenc László, Nagy Csongor István 
264 1 |a Budapest  |b MTA KRTK Közgazdaság-tudományi Intézet  |c 2013 
300 |a 380 s. 
610 2 0 |a súťaž hospodárska 
610 2 0 |a konkurencia 
610 2 0 |a systémy riadenia 
610 2 0 |a regulácia 
610 2 0 |a trh 
700 1 |a Valentiny, Pál 
700 1 |a Kiss, Ferenc László 
700 1 |a Nagy, Csongor István